000 00583nam a2200229Ia 4500
003 OSt
005 20221006164246.0
006 a|||||r|||| 00| 0
007 ta
008 221006b |||||||| |||| 00| 0 eng d
024 _a1,278
037 _cTextual
040 _aFML
_cFML
_beng
041 _2eng
_aeng
082 _a2:51N3, M6
100 _aKrishan Kumar Au.
_9155494
245 0 _aTheory of Ellassification
260 _aDelhi
_bVikas
_c1988
300 _a560
_ccm.
942 _h2:51N3, M6
_cTEXL
_2CC
999 _c1116654
_d1116654